Special employment schemes in Andhra Pradesh / (Record no. 81892)

MARC details
000 -LEADER
fixed length control field 00594nam a22001937a 4500
005 - DATE AND TIME OF LATEST TRANSACTION
control field 20140116110416.0
010 ## - LCCN (DPL NO)
LC control number ENG-109098
020 ## - INTERNATIONAL STANDARD BOOK NUMBER
International Standard Book Number 9788174469779
Terms of availability 495.00
035 ## - SYSTEM CONTROL NUMBER
System control number EN-92631
037 ## - SOURCE OF ACQUISITION
Source of stock number/acquisition DBAD/PUB
082 ## - DEWEY DECIMAL CLASSIFICATION NUMBER
Classification number 352.9433095484
100 ## - MAIN ENTRY--PERSONAL NAME
Personal name Mishra, R. K.
245 ## - TITLE STATEMENT
Title Special employment schemes in Andhra Pradesh /
Statement of responsibility, etc by R. K. Mishra [and] K. Trivikram
260 ## - PUBLICATION, DISTRIBUTION, ETC. (IMPRINT)
Place of publication, distribution, etc New Delhi
Name of publisher, distributor, etc Excel Books
Date of publication, distribution, etc 2011
270 ## - ADDRESS
Address A- 45, Naraina, Phase 1
City New Delhi
Postal code 110028
300 ## - PHYSICAL DESCRIPTION
Extent x,353p.
Dimensions 24cm(pbk)
700 ## - ADDED ENTRY--PERSONAL NAME
Dates associated with a name Trivikram, K.
942 ## - ADDED ENTRY ELEMENTS (KOHA)
Source of classification or shelving scheme Dewey Decimal Classification
Item type English Books
Call number suffix MIS
Classification part 352.9433095484
Holdings
Withdrawn status Lost status Not for loan Collection code Home library Current library Date acquired Source of acquisition Cost, normal purchase price Full call number Barcode Copy number Cost, replacement price Koha item type
    Not For Loan Non-fiction D.B.Act.Division D.B.Act.Division 15/01/2014 DBAD/PUB 495.00 352.9433095484 MIS EN-92631 1 495.00 English Books

© Delhi Public Library
Hit Counter
free hit counter